Histoire du drapeau de la Moldavie - Statistiques

Statistiques générales
  • Ce quiz a été pris 110 fois
    15 depuis la dernière actualisation
  • Le résultat moyen est 5 sur 9
Statistiques - réponses
Hint Réponse % Correct
Moldavie (drapeau actuel depuis 1991)
82%
Deuxième drapeau de la république socialiste soviétique moldave (1952-1991)
73%
Premier drapeau de l'empire Russe (1859-1896)
64%
Empire Hunnique (370-484)
64%
Royaume de Roumanie (1918-1940)
55%
Deuxième drapeau de l'empire russe (1896-1917) et république russe (1917)
55%
Premier drapeau de la république socialiste soviétique moldave (1940-1952)
45%
République démocratique moldave (1917-1918)
45%
Principauté de Moldavie (1359-1859)
45%
Aucun quiz correspondant
Distribution des résultats
% des personnes avec chaque résultat
Percentile par nombre de réponses
Votre historique - résultats
Vous n’avez pas pris ce quiz depuis la dernière actualisation